[Event "FRA-ch Youth U18 2019"]
[Site "Hyeres"]
[Date "2019.04.15"]
[Round "3.2"]
[White "Gao, Etienne"]
[Black "Weibel, Theo"]
[Result "1-0"]
[WhiteElo "2286"]
[BlackElo "1981"]
[Annotator "NA"]
[PlyCount "62"]
[EventDate "2019.04.14"]
[EventType "swiss"]
[EventCountry "FRA"]
[SourceTitle "playchess.com"]
[Source "ChessBase"]
[SourceQuality "1"]
[TimeControl "5400+30"]

1. e4 {[%emt 0:00:00]} c5 {[%emt 0:00:00]} 2. Nf3 {[%emt 0:00:08]} Nc6 {[%emt 0:00:06]} 3. d4 {[%emt 0:00:32]} cxd4 {[%emt 0:00:20]} 4. Nxd4 {[%emt 0:00:04]} e5 {[%emt 0:00:15]} 5. Nb5 {[%emt 0:00:21]} d6 {[%emt 0:00:16]} 6. c4 {[%emt 0:01:12]} Be7 {[%emt 0:00:08]} 7. N1c3 {[%emt 0:01:33]} a6 {[%emt 0:00:07]} 8. Na3 {[%emt 0:00:05]} Nf6 {[%emt 0:00:26]} 9. Be2 {[%emt 0:02:34]} O-O {[%emt 0:00:36] B32: Sicilian: Löwenthal and Kalashnikov Variations} 10. O-O {[%emt 0:00:18]} Be6 {[%emt 0:00:41]} 11. Nc2 {[%emt 0:01:23]} Rc8 {[%emt 0:01:22]} 12. Qd3 {[%emt 0:18:51]} ({Better is} 12. Bd2 $14) (12. Be3 Nb8 13. b3 b5 14. Nb4 bxc4 15. Bxc4 Bxc4 16. bxc4 Rxc4 17. Qb3 Rc8 18. Nbd5 Nxd5 19. Nxd5 Bg5 20. Rac1 Rxc1 21. Rxc1 Nd7 22. Rc6 {½-½ (22) Volokitin,A (2649)-Moiseenko,A (2657) Rivne 2016}) 12... Nd7 {[%emt 0:11:29]} ({Black should try} 12... Nd4 $1 $15 13. Nxd4 Bxc4) 13. Be3 {[%emt 0:07:50]} Nc5 {[%emt 0:08:40]} 14. Qd2 {[%emt 0:03:19]} g6 $146 {[%emt 0:13:48]} ({Predecessor:} 14... f5 15. f3 Nd7 16. exf5 Bxf5 17. Ne4 Nf6 {½-½ (47) Sippl,M (1937)-Woerl,R (1940) Germany 2011}) 15. b4 {[%emt 0:02:04]} Nd7 {[%emt 0:00:48]} 16. Nd5 {[%emt 0:01:29]} f5 {[%emt 0:08:25]} ({Black should play} 16... Ncb8) 17. Bh6 {[%emt 0:03:12]} ({Better is} 17. exf5 $16 Bxf5 18. b5) 17... f4 {[%emt 0:13:53]} 18. b5 {[%emt 0:01:42]} axb5 {[%emt 0:02:22]} 19. cxb5 {[%emt 0:00:16]} Rf7 $18 {[%emt 0:06:46]} 20. bxc6 {[%emt 0:00:26]} bxc6 {[%emt 0:00:05]} 21. Nxe7+ {[%emt 0:00:33]} Qxe7 {[%emt 0:00:10]} 22. Ba6 {[%emt 0:01:38]} Rd8 {[%emt 0:01:32]} 23. g3 {[%emt 0:14:44]} Nc5 {[%emt 0:01:37]} 24. Nb4 {[%emt 0:01:21]} Nxa6 {[%emt 0:03:33]} 25. Nxa6 {[%emt 0:04:58]} c5 {[%emt 0:02:01]} 26. Rfb1 {[%emt 0:01:46]} Qa7 {[%emt 0:03:40]} 27. Qa5 {[%emt 0:02:22]} Ra8 {[%emt 0:00:56]} 28. Rb6 {[%emt 0:01:02]} Bc4 {[%emt 0:00:39]} 29. Rxd6 {[%emt 0:04:08]} Bxa6 {[%emt 0:00:23]} 30. Rd8+ {[%emt 0:00:36]} Rf8 {[%emt 0:00:24]} 31. Rd6 {[%emt 0:25:03]} Rf7 {[%emt 0:20:02]} 1-0

[Event "FRA-ch Youth U18 2019"]
[Site "Hyeres"]
[Date "2019.04.15"]
[Round "3.3"]
[White "Gault, Emmanuel"]
[Black "Bournel, Antoine"]
[Result "0-1"]
[WhiteElo "1962"]
[BlackElo "2221"]
[Annotator "NA RC"]
[PlyCount "40"]
[EventDate "2019.04.14"]
[EventType "swiss"]
[EventCountry "FRA"]
[SourceTitle "playchess.com"]
[Source "ChessBase"]
[SourceQuality "1"]
[TimeControl "5400+30"]

1. c4 {[%emt 0:00:00]} e5 {[%emt 0:02:43]} 2. Nc3 {[%emt 0:00:00]} Nc6 {[%emt 0:00:17]} 3. g3 {[%emt 0:00:00]} d6 {[%emt 0:00:17]} 4. Bg2 {[%emt 0:00:00]} Be6 {[%emt 0:00:21]} 5. b3 {[%emt 0:00:12]} g6 {[%emt 0:02:58]} 6. e3 {[%emt 0:00:23]} Bg7 {[%emt 0:00:39]} 7. Nge2 {[%emt 0:00:07]} Nge7 {[%emt 0:02:01]} 8. Bb2 {[%emt 0:00:11]} Qd7 {[%emt 0:01:45]} 9. h4 {[%emt 0:06:32]} d5 {[%emt 0:11:30]} 10. d4 {[%emt 0:05:40]} exd4 {[%emt 0:13:35]} 11. exd4 {[%emt 0:00:35]} dxc4 {[%emt 0:05:54]} 12. Ne4 {[%emt 0:12:00]} b6 $17 {[%emt 0:09:35]} 13. Nf4 {[%emt 0:16:10]} O-O-O {[%emt 0:05:22]} 14. O-O {[%emt 0:08:21]} Nxd4 {[%emt 0:03:46]} 15. Rc1 {[%emt 0:07:12]} Bg4 {[%emt 0:06:29]} 16. Qd2 {[%emt 0:02:07]} Ne2+ {[%emt 0:01:07]} 17. Nxe2 {[%emt 0:00:47]} Qxd2 {[%emt 0:00:06]} 18. Nxd2 {[%emt 0:00:16]} Bxb2 {[%emt 0:00:06]} 19. Rc2 {[%emt 0:01:18]} Bxe2 {[%emt 0:00:15]} 20. Re1 {[%emt 0:02:41]} c3 {[%emt 0:02:28]} 0-1

[Event "FRA-ch Youth U18 2019"]
[Site "Hyeres"]
[Date "2019.04.15"]
[Round "3.4"]
[White "Arnaud, Aurelien"]
[Black "Profili, Emilio"]
[Result "1-0"]
[WhiteElo "2174"]
[BlackElo "1943"]
[Annotator "NA"]
[PlyCount "107"]
[EventDate "2019.04.14"]
[EventType "swiss"]
[EventCountry "FRA"]
[SourceTitle "playchess.com"]
[Source "ChessBase"]
[SourceQuality "1"]
[TimeControl "5400+30"]

1. d4 {[%emt 0:39:30]} e6 {[%emt 0:22:42]} 2. c4 {[%emt 0:00:30]} Nf6 {[%emt 0:00:30]} 3. g3 {[%emt 0:00:30]} d5 {[%emt 0:00:30]} 4. Nf3 {[%emt 0:00:30]} dxc4 {[%emt 0:00:30]} 5. Qa4+ {[%emt 0:00:30]} Bd7 {[%emt 0:00:30]} 6. Qxc4 {[%emt 0:00:30]} Bc6 {[%emt 0:00:30]} 7. Bg2 {[%emt 0:00:30]} Nbd7 {[%emt 0:00:30]} 8. Nc3 {[%emt 0:00:30]} Be7 {[%emt 0:00:30]} 9. O-O {[%emt 0:00:30]} O-O {[%emt 0:00:30]} 10. Rd1 {[%emt 0:00:30]} Nb6 {[%emt 0:00:30]} 11. Qd3 {[%emt 0:00:30]} Na4 {[%emt 0:00:30]} 12. Nxa4 {[%emt 0:00:30]} Bxa4 {[%emt 0:00:30]} 13. b3 {[%emt 0:00:30]} Bc6 {[%emt 0:00:30]} 14. Bg5 {[%emt 0:00:30]} Be4 {[%emt 0:00:30]} 15. Qe3 {[%emt 0:00:30]} Qd5 {[%emt 0:00:30]} 16. Bxf6 {[%emt 0:00:30]} gxf6 {[%emt 0:00:30]} 17. Nh4 {[%emt 0:00:30]} Bxg2 {[%emt 0:00:30]} 18. Nxg2 {[%emt 0:00:30]} Rfd8 $16 {[%emt 0:00:30]} 19. Nf4 {[%emt 0:00:30]} Qf5 {[%emt 0:00:30]} 20. d5 {[%emt 0:00:30]} e5 {[%emt 0:00:30]} 21. Ng2 {[%emt 0:00:30]} Rd7 {[%emt 0:00:30]} 22. Nh4 {[%emt 0:00:30]} Qg4 {[%emt 0:00:30]} 23. Rac1 {[%emt 0:00:30]} b5 {[%emt 0:00:30]} 24. Qd3 {[%emt 0:00:30]} e4 {[%emt 0:00:30]} 25. Qxb5 {[%emt 0:00:30]} Rad8 {[%emt 0:00:30]} 26. Ng2 {[%emt 0:00:30]} c5 {[%emt 0:00:30]} 27. Qc4 {[%emt 0:00:30]} f5 {[%emt 0:00:30]} 28. Rc2 {[%emt 0:00:30]} Bd6 {[%emt 0:00:30]} 29. Rcd2 {[%emt 0:00:30]} Re7 {[%emt 0:00:30]} 30. e3 {[%emt 0:00:30]} h5 {[%emt 0:00:30]} 31. Qe2 {[%emt 0:00:30]} Qg5 {[%emt 0:00:30]} 32. f4 {[%emt 0:00:30]} exf3 {[%emt 0:00:30]} 33. Qxf3 {[%emt 0:00:30]} Rde8 {[%emt 0:00:30]} 34. Rd3 {[%emt 0:00:30]} Re4 {[%emt 0:00:30]} 35. Kf2 {[%emt 0:00:30]} a5 {[%emt 0:00:30]} 36. Nf4 {[%emt 0:00:30]} h4 {[%emt 0:00:30]} 37. Rg1 {[%emt 0:00:30]} Kf8 {[%emt 0:00:30]} 38. Ng2 {[%emt 0:00:30]} hxg3+ {[%emt 0:00:30]} 39. hxg3 {[%emt 0:00:30]} a4 {[%emt 0:00:30]} 40. Rh1 {[%emt 0:00:30]} c4 {[%emt 0:00:30]} 41. bxc4 {[%emt 0:00:30]} Rxc4 {[%emt 0:00:30]} 42. Rd2 {[%emt 0:00:30]} Ree4 {[%emt 0:00:30]} 43. Rh5 {[%emt 0:00:30]} Bxg3+ {[%emt 0:00:30]} 44. Ke2 {[%emt 0:00:30]} Qg6 {[%emt 0:00:30]} 45. Rxf5 {[%emt 0:00:30]} Be5 {[%emt 0:00:30]} 46. d6 {[%emt 0:00:30]} Rg4 {[%emt 0:00:30]} 47. Ne1 {[%emt 0:00:30]} Rc8 {[%emt 0:00:30]} 48. Rxe5 {[%emt 0:00:30]} Kg7 {[%emt 0:00:30]} 49. Re7 {[%emt 0:00:30]} Rg5 {[%emt 0:00:30]} 50. d7 {[%emt 0:00:30]} Rh8 {[%emt 0:00:30]} 51. Qxf7+ {[%emt 0:00:30]} Qxf7 {[%emt 0:00:30]} 52. Rxf7+ {[%emt 0:00:30]} Kxf7 {[%emt 0:00:30]} 53. d8=Q {[%emt 0:00:30]} Rxd8 {[%emt 0:00:30]} 54. Rxd8 {[%emt 0:00:30]} 1-0

[Event "FRA-ch Youth U18 2019"]
[Site "Hyeres"]
[Date "2019.04.16"]
[Round "4.1"]
[White "Pham, Arthur"]
[Black "Travadon, Loic"]
[Result "0-1"]
[WhiteElo "2099"]
[BlackElo "2456"]
[Annotator "ChessBase"]
[PlyCount "92"]
[EventDate "2019.04.14"]
[EventType "swiss"]
[EventCountry "FRA"]
[SourceTitle "playchess.com"]
[Source "ChessBase"]
[SourceQuality "1"]
[TimeControl "5400+30"]

1. e4 {[%emt 0:00:00]} c5 {[%emt 0:00:00]} 2. Nf3 {[%emt 0:00:05]} d6 {[%emt 0:00:00]} 3. c3 {[%emt 0:00:31]} Nf6 {[%emt 0:00:00]} 4. h3 {[%emt 0:00:22]} Nc6 {[%emt 0:00:00]} 5. Bd3 {[%emt 0:00:13]} d5 {[%emt 0:00:00]} 6. e5 {[%emt 0:07:34]} c4 {[%emt 0:00:06]} 7. Bc2 {[%emt 0:03:26]} Nd7 {[%emt 0:00:04]} 8. Qe2 {[%emt 0:04:59]} Qc7 {[%emt 0:00:04]} 9. d4 {[%emt 0:06:19]} cxd3 {[%emt 0:00:08]} 10. Qxd3 {[%emt 0:00:27]} e6 {[%emt 1:34:38]} 11. Bf4 {[%emt 0:03:22]} Ndxe5 12. Nxe5 {[%emt 0:05:04]} Nxe5 {[%emt 0:00:00]} 13. Qg3 Nc6 {[%emt 0:00:00]} 14. Qd3 {[%emt 0:01:00]} Ne5 {[%emt 0:00:00]} 15. Qg3 {[%emt 0:00:30]} f6 16. Bxe5 {[%emt 0:00:30]} Qxe5+ {[%emt 0:00:00]} 17. Qxe5 {[%emt 0:00:30]} fxe5 {[%emt 0:00:00]} 18. Nd2 {[%emt 0:05:14]} g5 {[%emt 0:00:00]} 19. Nf3 {[%emt 0:14:51]} e4 {[%emt 0:00:00]} 20. Nxg5 {[%emt 0:00:30]} h6 {[%emt 0:00:00]} 21. Nxe4 dxe4 22. Bxe4 {[%emt 0:06:47]} Bc5 {[%emt 0:06:00]} 23. Rd1 {[%emt 0:39:16]} Rf8 {[%emt 0:00:30]} 24. Rf1 {[%emt 0:00:30]} Ke7 {[%emt 0:00:00]} 25. f4 {[%emt 0:00:00]} Bd7 {[%emt 0:00:00]} 26. Rf3 {[%emt 0:00:00]} a5 {[%emt 0:00:00]} 27. Rd2 {[%emt 0:00:00]} Bc6 {[%emt 0:00:00]} 28. Bxc6 {[%emt 0:00:00]} bxc6 {[%emt 0:00:00]} 29. Re2 {[%emt 0:00:00]} Kf6 {[%emt 0:00:00]} 30. g4 {[%emt 0:00:00]} Bd6 {[%emt 0:00:00]} 31. Re4 {[%emt 0:00:00]} Rab8 {[%emt 0:00:00]} 32. b3 {[%emt 0:00:00]} Rb5 {[%emt 0:00:00]} 33. Rfe3 {[%emt 0:00:00]} Re8 {[%emt 0:00:00]} 34. Rd3 {[%emt 0:00:00]} Rd5 {[%emt 0:00:00]} 35. Rxd5 {[%emt 0:00:00]} cxd5 {[%emt 0:00:00]} 36. Ra4 {[%emt 0:00:00]} Bc7 {[%emt 0:00:00]} 37. Rd4 {[%emt 0:00:00]} e5 {[%emt 0:00:00]} 38. Rxd5 {[%emt 0:00:00]} exf4+ {[%emt 0:00:00]} 39. Kf2 {[%emt 0:00:00]} Re3 {[%emt 0:00:00]} 40. Rh5 {[%emt 0:01:01]} Rxc3 {[%emt 0:00:00]} 41. Rxh6+ {[%emt 0:00:12]} Ke5 {[%emt 0:00:00]} 42. h4 {[%emt 0:02:45]} Ke4 {[%emt 0:00:00]} 43. Re6+ {[%emt 0:00:35]} Be5 {[%emt 0:00:00]} 44. g5 {[%emt 0:01:56]} Rc2+ {[%emt 0:00:00]} 45. Ke1 {[%emt 0:00:41]} f3 46. g6 {[%emt 0:03:50]} f2+ {[%emt 0:11:30]} 0-1

[Event "FRA-ch Youth U18 2019"]
[Site "Hyeres"]
[Date "2019.04.16"]
[Round "4.2"]
[White "Derige Kane, Yan"]
[Black "Gao, Etienne"]
[Result "0-1"]
[WhiteElo "2057"]
[BlackElo "2286"]
[Annotator "NA"]
[PlyCount "88"]
[EventDate "2019.04.14"]
[EventType "swiss"]
[EventCountry "FRA"]
[SourceTitle "playchess.com"]
[Source "ChessBase"]
[SourceQuality "1"]
[TimeControl "5400+30"]

1. d4 {[%emt 0:00:00]} Nf6 {[%emt 0:00:00]} 2. Bg5 {[%emt 0:00:00]} Ne4 {[%emt 0:00:09]} 3. Bf4 {[%emt 0:00:05]} c5 {[%emt 0:00:32]} 4. f3 {[%emt 0:00:48]} Qa5+ {[%emt 0:00:30]} 5. c3 {[%emt 0:00:26]} Nf6 {[%emt 0:00:16]} 6. d5 {[%emt 0:03:07]} e6 {[%emt 0:00:27]} 7. e4 {[%emt 0:00:32]} exd5 {[%emt 0:00:13]} 8. exd5 {[%emt 0:00:18]} d6 {[%emt 0:00:15]} 9. Na3 {[%emt 0:16:37]} Be7 {[%emt 0:00:24]} 10. Bd3 {[%emt 0:08:45]} Nbd7 {[%emt 0:09:29]} 11. Nc4 {[%emt 0:09:19]} Qc7 {[%emt 0:00:19]} 12. Ne3 {[%emt 0:00:08]} Nh5 {[%emt 0:05:27]} 13. Bg3 {[%emt 0:00:30]} Nxg3 {[%emt 0:00:11]} 14. hxg3 {[%emt 0:00:13]} g6 {[%emt 0:00:06]} 15. Nh3 {[%emt 0:04:55]} Kd8 {[%emt 0:11:34]} 16. O-O {[%emt 0:13:07]} Nb6 {[%emt 0:03:42]} 17. Qe2 {[%emt 0:06:07]} Re8 {[%emt 0:03:50]} 18. Rfe1 {[%emt 0:01:20]} Bf6 {[%emt 0:09:33]} 19. Qf1 {[%emt 0:08:25]} h5 {[%emt 0:10:27]} 20. a4 {[%emt 0:04:42]} Bd7 {[%emt 0:08:27]} 21. a5 {[%emt 0:02:37]} Na4 {[%emt 0:10:29]} 22. Nc4 {[%emt 0:00:52]} Rxe1 {[%emt 0:00:46]} 23. Qxe1 {[%emt 0:02:38]} b5 {[%emt 0:02:33]} 24. axb6 {[%emt 0:00:47]} axb6 {[%emt 0:00:36]} 25. Qd2 {[%emt 0:04:17]} b5 {[%emt 0:00:07]} 26. Qf4 {[%emt 0:01:56]} Be7 {[%emt 0:00:13]} 27. Ne3 {[%emt 0:01:20]} c4 {[%emt 0:05:48]} 28. Bc2 {[%emt 0:00:31]} Qc5 {[%emt 0:00:55]} 29. Kh2 {[%emt 0:01:31]} Nb6 {[%emt 0:03:24]} 30. Rxa8+ {[%emt 0:08:22]} Nxa8 {[%emt 0:00:05]} 31. Ng5 {[%emt 0:00:05]} Bxg5 {[%emt 0:02:00]} 32. Qxg5+ {[%emt 0:00:02]} Kc7 {[%emt 0:00:10]} 33. g4 {[%emt 0:01:25]} hxg4 {[%emt 0:04:18]} 34. Nxg4 {[%emt 0:00:18]} Nb6 {[%emt 0:00:37]} 35. Ne3 {[%emt 0:00:51]} f5 {[%emt 0:02:39]} 36. Kg3 {[%emt 0:00:32]} Kc8 {[%emt 0:02:33]} 37. Kh2 {[%emt 0:00:08]} Kc7 {[%emt 0:01:09]} 38. Kg3 {[%emt 0:00:09]} b4 {[%emt 0:01:06]} 39. cxb4 {[%emt 0:00:32]} Qxb4 {[%emt 0:00:04]} 40. Nd1 {[%emt 0:01:09]} Qe1+ {[%emt 0:00:24]} 41. Kh2 {[%emt 0:00:24]} Nxd5 {[%emt 0:01:09]} 42. Qxg6 {[%emt 0:00:38]} Nb4 {[%emt 0:01:00]} 43. Nc3 {[%emt 0:00:31]} Qe5+ {[%emt 0:00:22]} 44. Qg3 {[%emt 0:00:28]} Nxc2 {[%emt 0:00:58]} 0-1

[Event "FRA-ch Youth U18 2019"]
[Site "Hyeres"]
[Date "2019.04.16"]
[Round "4.3"]
[White "Bournel, Antoine"]
[Black "Fournier, Loic"]
[Result "1/2-1/2"]
[WhiteElo "2221"]
[BlackElo "2024"]
[Annotator "NA"]
[PlyCount "115"]
[EventDate "2019.04.14"]
[EventType "swiss"]
[EventCountry "FRA"]
[SourceTitle "playchess.com"]
[Source "ChessBase"]
[SourceQuality "1"]
[TimeControl "5400+30"]

1. e4 {[%emt 0:00:26]} e6 {[%emt 0:00:42]} 2. d4 {[%emt 0:00:30]} d5 {[%emt 0:01:03]} 3. Nd2 {[%emt 0:00:09]} c5 {[%emt 0:01:29]} 4. exd5 {[%emt 0:01:35]} Qxd5 {[%emt 0:00:08]} 5. Ngf3 {[%emt 0:00:42]} cxd4 {[%emt 0:01:25]} 6. Bc4 {[%emt 0:00:05]} Qd6 {[%emt 0:00:25]} 7. O-O {[%emt 0:10:58]} Nf6 {[%emt 0:00:29]} 8. Nb3 {[%emt 0:00:43]} Be7 {[%emt 0:00:47]} 9. Nbxd4 {[%emt 0:04:14]} O-O {[%emt 0:00:23]} 10. Qe2 {[%emt 0:03:15]} a6 {[%emt 0:00:52]} 11. c3 {[%emt 0:04:32]} Nc6 {[%emt 0:08:09]} 12. Rd1 {[%emt 0:03:08]} Qc7 {[%emt 0:01:45]} 13. Nxc6 {[%emt 0:04:18]} Qxc6 {[%emt 0:00:11]} 14. Ne5 {[%emt 0:04:18]} Qe4 {[%emt 0:04:29]} 15. Bg5 {[%emt 0:05:01]} Qxe2 {[%emt 0:08:13]} 16. Bxe2 {[%emt 0:00:06]} h6 {[%emt 0:00:48]} 17. Bh4 {[%emt 0:05:31]} g5 {[%emt 0:02:30]} 18. Bg3 {[%emt 0:00:06]} Ne4 {[%emt 0:01:25]} 19. Nd7 {[%emt 0:11:42]} Nxg3 {[%emt 0:00:19]} 20. hxg3 {[%emt 0:00:17]} Re8 {[%emt 0:09:41]} 21. Nb6 {[%emt 0:00:34]} Rb8 {[%emt 0:00:13]} 22. a4 {[%emt 0:06:28]} Bc5 {[%emt 0:04:32]} 23. a5 {[%emt 0:00:07]} e5 {[%emt 0:03:48]} 24. Nd7 {[%emt 0:07:10]} Bxd7 {[%emt 0:00:23]} 25. Rxd7 {[%emt 0:00:05]} Re6 {[%emt 0:03:41]} 26. b4 {[%emt 0:01:59]} Ba7 {[%emt 0:08:02]} 27. Rad1 {[%emt 0:03:06]} Kf8 {[%emt 0:02:47]} 28. R1d6 {[%emt 0:03:13]} Rxd6 {[%emt 0:02:03]} 29. Rxd6 {[%emt 0:00:07]} Ke7 {[%emt 0:04:40]} 30. Rxh6 {[%emt 0:00:05]} Rc8 {[%emt 0:01:14]} 31. c4 {[%emt 0:02:38]} Bd4 {[%emt 0:00:50]} 32. c5 {[%emt 0:07:55]} Rc6 {[%emt 0:02:32]} 33. Rh8 {[%emt 0:01:21]} Bc3 {[%emt 0:01:13]} 34. Rb8 {[%emt 0:00:34]} Rc7 {[%emt 0:00:06]} 35. c6 {[%emt 0:01:05]} bxc6 {[%emt 0:04:33]} 36. Bxa6 {[%emt 0:00:08]} Rd7 {[%emt 0:03:48]} 37. Be2 {[%emt 0:02:14]} e4 {[%emt 0:03:28]} 38. a6 {[%emt 0:00:57]} Bd4 {[%emt 0:03:13]} 39. Bg4 {[%emt 0:01:00]} Rc7 {[%emt 0:03:26]} 40. Bc8 {[%emt 0:01:36]} c5 {[%emt 0:07:27]} 41. b5 {[%emt 0:02:30]} c4 {[%emt 0:00:17]} 42. Bf5 {[%emt 0:01:26]} c3 {[%emt 0:00:14]} 43. Bxe4 {[%emt 0:00:00]} c2 {[%emt 0:00:00]} 44. Bxc2 {[%emt 0:00:01]} Rxc2 {[%emt 0:00:00]} 45. a7 {[%emt 0:01:42]} Bxf2+ {[%emt 0:00:00]} 46. Kf1 {[%emt 0:00:39]} Bxa7 {[%emt 0:00:00]} 47. Rb7+ {[%emt 0:00:05]} Kf6 {[%emt 0:02:58]} 48. Rxa7 {[%emt 0:00:06]} Rb2 {[%emt 0:00:06]} 49. Rb7 {[%emt 0:00:10]} g4 {[%emt 0:00:19]} 50. b6 {[%emt 0:01:00]} Ke6 {[%emt 0:01:42]} 51. Rb8 {[%emt 0:00:36]} Kd7 {[%emt 0:01:26]} 52. Ke1 {[%emt 0:02:37]} Rxg2 {[%emt 0:00:52]} 53. Rf8 {[%emt 0:00:59]} Kc6 {[%emt 0:00:32]} 54. Rxf7 {[%emt 0:00:21]} Kxb6 {[%emt 0:00:13]} 55. Rf4 {[%emt 0:00:13]} Rxg3 {[%emt 0:00:05]} 56. Kf2 {[%emt 0:00:05]} Rf3+ {[%emt 0:00:09]} 57. Rxf3 {[%emt 0:00:05]} gxf3 {[%emt 0:00:06]} 58. Kxf3 {[%emt 0:00:05]} 1/2-1/2

[Event "FRA-ch Youth U18 2019"]
[Site "Hyeres"]
[Date "2019.04.16"]
[Round "4.4"]
[White "Verin, Jules"]
[Black "Arnaud, Aurelien"]
[Result "0-1"]
[WhiteElo "2015"]
[BlackElo "2174"]
[Annotator "NA"]
[PlyCount "50"]
[EventDate "2019.04.14"]
[EventType "swiss"]
[EventCountry "FRA"]
[SourceTitle "playchess.com"]
[Source "ChessBase"]
[SourceQuality "1"]
[TimeControl "5400+30"]

1. d4 {[%emt 0:00:00]} Nf6 {[%emt 0:00:00]} 2. Nf3 {[%emt 0:00:00]} e6 {[%emt 0:00:00]} 3. c4 {[%emt 0:00:00]} b6 {[%emt 0:00:00]} 4. g3 {[%emt 0:00:40]} Bb7 {[%emt 0:00:39]} 5. Bg2 {[%emt 0:00:37]} Bb4+ {[%emt 0:01:35]} 6. Bd2 {[%emt 0:02:12]} Be7 {[%emt 0:00:09]} 7. Nc3 {[%emt 0:01:39]} O-O {[%emt 0:00:51]} 8. O-O {[%emt 0:00:31]} d6 {[%emt 0:01:50]} 9. Qc2 {[%emt 0:06:05]} Nbd7 {[%emt 0:01:23]} 10. e4 {[%emt 0:06:47]} e5 {[%emt 0:02:36]} 11. d5 {[%emt 0:04:13]} Nh5 {[%emt 0:09:13]} 12. Ne1 {[%emt 0:08:23]} g6 {[%emt 0:01:40]} 13. Bh6 {[%emt 0:04:35]} Ng7 {[%emt 0:02:31]} 14. Bh3 {[%emt 0:01:41]} Bc8 {[%emt 0:01:09]} 15. f4 {[%emt 0:02:20]} exf4 {[%emt 0:01:39]} 16. gxf4 {[%emt 0:01:46]} Nf6 {[%emt 0:02:43]} 17. Rf3 {[%emt 0:05:08]} Re8 {[%emt 0:01:32]} 18. Nd3 {[%emt 0:06:42]} Ng4 {[%emt 0:01:29]} 19. Bxg7 {[%emt 0:01:11]} Kxg7 {[%emt 0:00:21]} 20. Qg2 {[%emt 0:02:03]} f5 {[%emt 0:06:22]} 21. Bxg4 {[%emt 0:03:05]} fxg4 {[%emt 0:00:01]} 22. Re3 {[%emt 0:03:36]} Bf6 {[%emt 0:00:46]} 23. Rae1 {[%emt 0:05:18]} Bd4 {[%emt 0:00:24]} 24. e5 {[%emt 0:01:13]} Bf5 {[%emt 0:00:44]} 25. e6 {[%emt 0:01:41]} Bxd3 {[%emt 1:02:53]} 0-1

[Event "FRA-ch Youth U18 2019"]
[Site "Hyeres"]
[Date "2019.04.17"]
[Round "5.1"]
[White "Travadon, Loic"]
[Black "Arnaud, Aurelien"]
[Result "1-0"]
[WhiteElo "2456"]
[BlackElo "2174"]
[Annotator "RC"]
[PlyCount "123"]
[EventDate "2019.04.14"]
[EventType "swiss"]
[EventCountry "FRA"]
[SourceTitle "playchess.com"]
[Source "ChessBase"]
[SourceQuality "1"]
[TimeControl "5400+30"]

1. c4 {[%emt 0:00:00]} e5 {[%emt 0:00:00]} 2. g3 {[%emt 0:00:00]} Nc6 {[%emt 0:00:00]} 3. Bg2 {[%emt 0:00:00]} f5 {[%emt 0:00:05]} 4. Nc3 {[%emt 0:00:00]} Nf6 {[%emt 0:00:15]} 5. e3 {[%emt 0:00:35]} d5 {[%emt 0:00:16]} 6. Nxd5 {[%emt 0:00:10]} Nxd5 {[%emt 0:00:09]} 7. cxd5 {[%emt 0:00:03]} Nb4 {[%emt 0:00:13]} 8. d3 {[%emt 0:00:03]} c6 {[%emt 0:00:22]} 9. Qb3 {[%emt 0:00:31]} Nxd5 {[%emt 0:03:18]} 10. Nf3 {[%emt 0:00:31]} Qe7 {[%emt 0:05:51]} 11. O-O {[%emt 0:01:19]} Be6 {[%emt 0:04:41]} 12. Qd1 {[%emt 0:00:38]} e4 {[%emt 0:04:32]} 13. Nd4 {[%emt 0:03:50]} Bd7 {[%emt 0:01:37]} 14. dxe4 {[%emt 0:00:41]} fxe4 {[%emt 0:00:07]} 15. Qb3 {[%emt 0:03:36]} Rb8 {[%emt 0:07:52]} 16. Bd2 {[%emt 0:01:06]} Qe5 {[%emt 0:05:58]} 17. Qc2 {[%emt 0:00:58]} c5 {[%emt 0:03:28]} 18. f4 {[%emt 0:05:01]} Qe7 {[%emt 0:01:53]} 19. Nb3 {[%emt 0:03:17]} Nf6 {[%emt 0:02:06]} 20. Bc3 {[%emt 0:01:39]} Bb5 {[%emt 0:01:01]} 21. Bxf6 {[%emt 0:00:18]} gxf6 {[%emt 0:00:14]} 22. Rfd1 {[%emt 0:02:03]} Bd3 {[%emt 0:01:17]} 23. Rxd3 {[%emt 0:00:01]} exd3 {[%emt 0:00:08]} 24. Qxd3 {[%emt 0:00:04]} Qd7 {[%emt 0:06:19]} 25. Qe2 {[%emt 0:00:29]} Rd8 {[%emt 0:07:15]} 26. Na5 {[%emt 0:01:27]} Qd3 {[%emt 0:00:48]} 27. Qh5+ {[%emt 0:00:12]} Qg6 {[%emt 0:00:07]} 28. Qf3 {[%emt 0:00:19]} Be7 {[%emt 0:06:13]} 29. Qxb7 {[%emt 0:01:59]} Qd3 {[%emt 0:04:58]} 30. Qf3 {[%emt 0:02:20]} O-O {[%emt 0:03:20]} 31. Nc6 {[%emt 0:00:14]} Rd7 {[%emt 0:01:07]} 32. Bh3 {[%emt 0:03:23]} Rc7 {[%emt 0:02:42]} 33. Rd1 {[%emt 0:00:17]} Qb5 {[%emt 0:01:29]} 34. Bd7 {[%emt 0:00:21]} Rxc6 {[%emt 0:01:06]} 35. Bxc6 {[%emt 0:00:32]} Qxb2 {[%emt 0:00:41]} 36. Rd7 {[%emt 0:00:41]} Qb1+ {[%emt 0:00:53]} 37. Rd1 {[%emt 0:00:32]} Qg6 {[%emt 0:00:47]} 38. f5 {[%emt 0:00:13]} Qg5 {[%emt 0:00:50]} 39. h4 {[%emt 0:00:30]} Qg7 {[%emt 0:00:30]} 40. Rd7 {[%emt 0:00:30]} Kh8 {[%emt 0:00:30]} 41. Bd5 {[%emt 0:00:30]} Rd8 {[%emt 0:00:30]} 42. Rxd8+ {[%emt 0:00:30]} Bxd8 {[%emt 0:00:30]} 43. Be6 {[%emt 0:00:30]} h6 {[%emt 0:00:30]} 44. Kf2 {[%emt 0:00:30]} Bc7 {[%emt 0:00:30]} 45. g4 {[%emt 0:04:28]} Be5 {[%emt 0:03:47]} 46. a4 {[%emt 0:01:54]} Qc7 {[%emt 0:00:52]} 47. Qa8+ {[%emt 0:01:20]} Qb8 {[%emt 0:00:12]} 48. Qc6 {[%emt 0:00:46]} Bg3+ {[%emt 0:00:45]} 49. Kg2 {[%emt 0:06:23]} Bxh4 {[%emt 0:00:29]} 50. Qf3 {[%emt 0:00:16]} Bg5 {[%emt 0:02:52]} 51. a5 {[%emt 0:00:25]} a6 {[%emt 0:02:40]} 52. Bc4 {[%emt 0:03:20]} Qd8 {[%emt 0:02:26]} 53. Kh3 {[%emt 0:55:15]} Qe8 {[%emt 0:02:55]} 54. Bxa6 {[%emt 0:00:00]} Qxe3 {[%emt 0:00:41]} 55. Qxe3 {[%emt 0:00:00]} Bxe3 {[%emt 0:00:01]} 56. Bc4 {[%emt 0:00:00]} Bf4 {[%emt 0:00:30]} 57. Kg2 {[%emt 0:00:00]} Kg7 {[%emt 0:03:48]} 58. Kf3 {[%emt 0:00:00]} Bb8 {[%emt 0:00:31]} 59. Ke4 {[%emt 0:00:00]} Kf8 {[%emt 0:00:13]} 60. Kd5 {[%emt 0:00:00]} Ke7 {[%emt 0:00:26]} 61. Kc6 {[%emt 0:00:00]} Kd8 {[%emt 0:01:34]} 62. Kb7 {[%emt 0:00:00]} 1-0